Software Testing And Crital Analysis For Online Hotel Booking System (Record no. 97301)
[ view plain ]
| 000 -LEADER | |
|---|---|
| fixed length control field | 00470nam a2200121Ia 4500 |
| 008 - FIXED-LENGTH DATA ELEMENTS--GENERAL INFORMATION | |
| fixed length control field | 230128s9999 xx 000 0 und d |
| 041 ## - LANGUAGE CODE | |
| Language code of text/sound track or separate title | eng |
| 082 ## - DEWEY DECIMAL CLASSIFICATION NUMBER | |
| Classification number | PAR PR0588 |
| Item number | PAR |
| 100 ## - MAIN ENTRY--PERSONAL NAME | |
| Personal name | Parkhe Payal V - 2k131040; Dr.Rachana Shikhare - Guide & [Company Name] - Extentia Information Technology Pvt Ltd. |
| 9 (RLIN) | 118997 |
| 245 ## - TITLE STATEMENT | |
| Title | Software Testing And Crital Analysis For Online Hotel Booking System |
| 260 ## - PUBLICATION, DISTRIBUTION, ETC. (IMPRINT) | |
| Date of publication, distribution, etc. | Sep-14 |
| Name of publisher, distributor, etc. | Savitribai Phule Pune University |
| Place of publication, distribution, etc. | Pune |
| 300 ## - PHYSICAL DESCRIPTION | |
| Extent | 52p |
No items available.